Country Flags with a bird Quiz Stats

 Plays Quiz not verified by Sporcle

Support Sporcle.
Go Orange.
Score 0/16 Timer 07:00
0 Plays Today
% Correct
Albania
60.7%
Mexico
60.7%
Zimbabwe
60.7%
Guatemala
57.1%
Uganda
57.1%
Kazakhstan
55.4%
Papua New Guinea
55.4%
Dominica
53.6%
% Correct
Egypt
53.6%
Moldova
53.6%
Montenegro
53.6%
Serbia
53.6%
Zambia
53.6%
Ecuador
51.8%
Kiribati
51.8%
Bolivia
48.2%

You're not logged in!

Compare scores with friends on all Sporcle quizzes.
OR
Log In

From the Vault

Which Teams Did He Play For? (NFL)

by csl

Yes, you will have to remember all seven teams that Vinny Testaverde played for.
Remove Ads.
Support Sporcle.
Get the best of Sporcle when you Go Orange. This ad-free experience offers more features, more stats, and more fun while also helping to support Sporcle. Thank you for becoming a member.

Show Comments

Extras

Created Dec 23, 2012ReportNominate
Tags:Country Quiz, bird

Top Quizzes Today


Score Distribution

Your Account Isn't Verified!

In order to create a playlist on Sporcle, you need to verify the email address you used during registration. Go to your Sporcle Settings to finish the process.

Report this User

Report this user for behavior that violates our Community Guidelines.

Details: